000 01290nam a2200373 i 4500
001 196232
003 ES-MaACL
005 20250804062711.0
007 ta
008 240820t19931993us gr|||| 000 1 eng d
020 _a9780679742111
035 _a(OCoLC)493144861
035 _a113770758
040 _aABES
_bfre
_eAFNOR
_cES-MaACL
041 0 _2639-2
100 1 _0(IdRef)030154820
_1http://www.idref.fr/030154820/id
_aBaker, Nicholson,
_d1957
_9238544
245 1 0 _aVox :
_ba novel /
_cNicholson Baker.
260 _aNew York :
_bVintage,
_ccop. 1993.
300 _a165 p. :
_bil. ;
_c21 cm.
336 _btxt
_2rdacontent
_atexto
337 _bn
_2rdamedia
_asin mediación
337 _bn
_2isbdmedia
_asin mediación
338 _2rdacarrier
_avolumen
490 1 _aVintage contemporaries
650 7 _2embne
_9137408
_aNovela inglesa
655 0 _aNovelas
_9234319
830 0 _aVintage contemporaries
_9238545
852 _aES-MaACL
_cDEPO1
_jA-15344
_hDonación: José Manuel Duarte Cendán
_9203980
903 _aDuarte Cendán, José Manuel
_q1
_ednr
_9238529
942 _n0
_cMONOGRAFIA
999 _c196232
_d196232